Геологоразведочное бурение: учебное пособие

Podrobná bibliografie
Hlavní autor: Юшков А. С. Александр Сергеевич
Další autoři: Пилипец В. И.
Shrnutí:В учебном пособии рассмотрены основные вопросы техники и технологии всех видов геологоразведочного бурения скважин. Описаны специальные работы в скважинах, особенности бурения в сложных условиях, технология отбора качественных керновых проб, направленное бурение. Приведены типовые расчеты. Даны рекомендации и справочный материал для учебного проектирования буровых работ. Пособие подготовлено на кафедре «Технология и техника геологоразведочных работ» Донецкого национального технического университета. Предназначено для студентов высших учебных заведений, обучающихся на специальностях 7.090306 «Бурение» и 7.070701.01 «Геологическая съемка, поиски и разведка».
Jazyk:ruština
Vydáno: Донецк, Норма-Пресс, 2004
Témata:
Médium: MixedMaterials Kniha
KOHA link:https://koha.lib.tpu.ru/cgi-bin/koha/opac-detail.pl?biblionumber=159810

MARC

LEADER 00000nam0a2200000 4500
001 159810
005 20231101222136.0
010 |a 9668085280 
035 |a (RuTPU)RU\TPU\book\173326 
090 |a 159810 
100 |a 20090514d2004 m y0rusy50 ca 
101 0 |a rus 
102 |a UA 
105 |a a j 001zy 
200 1 |a Геологоразведочное бурение  |e учебное пособие  |f А. С. Юшков, В. И. Пилипец 
210 |a Донецк  |c Норма-Пресс  |d 2004 
215 |a 464 с.  |c ил. 
320 |a Библиогр.: с. 459-460. 
330 |a В учебном пособии рассмотрены основные вопросы техники и технологии всех видов геологоразведочного бурения скважин. Описаны специальные работы в скважинах, особенности бурения в сложных условиях, технология отбора качественных керновых проб, направленное бурение. Приведены типовые расчеты. Даны рекомендации и справочный материал для учебного проектирования буровых работ. Пособие подготовлено на кафедре «Технология и техника геологоразведочных работ» Донецкого национального технического университета. Предназначено для студентов высших учебных заведений, обучающихся на специальностях 7.090306 «Бурение» и 7.070701.01 «Геологическая съемка, поиски и разведка». 
606 1 |a Бурение разведочное  |2 stltpush  |3 (RuTPU)RU\TPU\subj\67672  |9 83393 
610 1 |a учебные пособия 
610 1 |a геологоразведочное бурение 
610 1 |a горные породы 
610 1 |a разрушение 
610 1 |a бурение 
610 1 |a буровые инструменты 
610 1 |a вращательное бурение 
610 1 |a геологоразведочные скважины 
610 1 |a буровые установки 
610 1 |a ударно-вращательное бурение 
610 1 |a породоразрушающие инструменты 
610 1 |a полезные ископаемые 
610 1 |a пробы 
610 1 |a отбор 
610 1 |a аварии 
610 1 |a тампонирование 
610 1 |a типовые расчеты 
610 1 |a кернометрия 
610 1 |a буровые работы 
610 1 |a проектирование 
610 1 |a организация 
610 1 |a нефть 
610 1 |a газ 
675 |a 550.822.7(075.8)  |v 3 
700 1 |a Юшков  |b А. С.  |g Александр Сергеевич 
701 1 |a Пилипец  |b В. И. 
801 1 |a RU  |b 63413507  |c 20090514  |g PSBO 
801 2 |a RU  |b 63413507  |c 20130130  |g PSBO 
900 |a Бурение геологоразведочных скважин 
900 |a Технология и техника геологоразведочных работ 
942 |c BK 
954 |b 130301